000 00633cam a22001813a 4500
020 _a0439226775 (pbk.)
040 _cXRS
082 _a355 SCH 2000 Or.
100 1 _aApplegate, Katherine.
245 1 0 _aVisser /
260 _aNew York :
_bScholastic,
_c2000, c1999.
300 _axiii, 192 p.
_c20 cm.
490 1 _aAnimorphs
520 _aOn trial for treason, Edriss 562 explains how she infested a series of human hosts in order to spearhead the invasion of Earth by her people, the ruthless, parasitic Yeerks.
650 0 _aScience fiction.
710 2 _aCopyright Paperback Collection (Library of Congress)
942 _cEK
999 _c14396
_d14396